000 00610nam a2200241Ia 4500
003 OSt
005 20220918173119.0
006 a|||||r|||| 00| 0
007 ta
008 220917b |||||||| |||| 00| 0 eng d
024 _a5,078
037 _cTextual
040 _aARTS
_cARTS
_beng
041 _2eng
_aeng
082 _aR299, M0
100 _aBrody Baruch A.
245 0 _aIdentity and essence
260 _aPrinceton
_bPrinceton Univ Press
_c1980
300 _aviii,164p
_ccm.
650 _aPHILOSOPHY
942 _hR299, M0
_cTEXL
_2CC
999 _c147239
_d147239